Statistics for Minor Civil Divisions (Townships) of Ohio With a Map

Click here to take the quiz!

General Stats

  • This quiz has been taken 508 times
  • The average score is 559 of 1601

Answers on the Map

Answers color-coded by a green-red scale on the quiz's map according to % correct below.
 

Answer Stats

CountyMCD% Correct
Fairfield | FranklinColumbus
92%
CuyahogaCleveland
90%
HamiltonCincinnati
88%
SummitAkron
86%
LucasToledo
83%
Auglaize | Belmont | Brown | +41 othersWashington
82%
Greene | MontgomeryDayton
79%
Champaign | Clinton | Coshocton | +7 othersAdams
77%
Adams | Ashtabula | Brown | +21 othersJefferson
75%
Mahoning | TrumbullYoungstown
75%
Butler | Franklin | Jackson | +2 othersHamilton
74%
Crawford | Erie | Richland | SanduskySandusky
74%
Adams | Allen | Ashtabula | +19 othersMonroe
73%
Allen | Ashland | Auglaize | +34 othersJackson
72%
Butler | Clark | Columbiana | +17 othersMadison
72%
Adams | Ashland | Brown | +14 othersGreen
71%
StarkCanton
70%
Ashland | Logan | Stark | WoodLake
70%
Athens | HarrisonAthens
69%
OttawaErie
69%
ColumbianaWest
67%
CarrollEast
66%
Belmont | Jefferson | Trumbull | +2 othersWarren
66%
Adams | Brown | Clermont | +18 othersFranklin
65%
OttawaHarris
65%
Carroll | Champaign | Darke | +16 othersHarrison
64%
MorrowLincoln
63%
Allen | Clinton | Fayette | +9 othersMarion
63%
Clermont | Gallia | MonroeOhio
63%
Auglaize | Belmont | Brown | +24 othersUnion
63%
LorainLorain
62%
Clermont | Greene | Hamilton | +2 othersMiami
62%
HarrisonNorth
62%
Defiance | Delaware | HancockDelaware
61%
ErieHuron
61%
Allen | Ashland | Brown | +24 othersPerry
61%
AshtabulaAshtabula
60%
Carroll | Darke | Delaware | +5 othersBrown
60%
Franklin | Fulton | Knox | +5 othersClinton
60%
Hamilton | Lorain | MeigsColumbia
60%
Clark | Gallia | Hamilton | +8 othersSpringfield
60%
AshlandAshland
58%
Adams | Ashtabula | Auglaize | +19 othersWayne
58%
AllenLima
57%
BelmontMead
57%
PutnamOttawa
57%
PortageKent
56%
Butler | Coshocton | Delaware | +3 othersOxford
56%
Brown | Clinton | Coshocton | HolmesClark
55%
DefianceDefiance
54%
Butler | Columbiana | Hamilton | +6 othersFairfield
54%
ChampaignJohnson
54%
Brown | Clark | Coshocton | +5 othersPike
54%
Columbiana | Darke | Knox | +3 othersButler
53%
Lawrence | Stark | Tuscarawas | WashingtonLawrence
53%
Adams | MuskingumMeigs
53%
Darke | Hancock | Ottawa | UnionAllen
52%
Columbiana | Guernsey | Holmes | +2 othersKnox
52%
MedinaMedina
52%
Ashtabula | Butler | Gallia | +3 othersMorgan
52%
LawrenceFayette
51%
Defiance | MuskingumHighland
50%
RichlandMansfield
50%
Lawrence | WarrenMason
50%
Ashland | Hamilton | Marion | WoodMontgomery
50%
Hancock | Ottawa | WoodPortage
50%
Butler | Greene | JeffersonRoss
50%
Delaware | Jackson | Pickaway | +2 othersScioto
50%
Athens | Belmont | Darke | +7 othersYork
50%
CuyahogaParma
49%
CoshoctonCoshocton
48%
Coshocton | WyandotCrawford
48%
MercerDublin
48%
AuglaizeLogan
48%
MadisonLondon
48%
CrawfordPolk
48%
OttawaCarroll
47%
WoodHenry
47%
Muskingum | WashingtonMuskingum
47%
Allen | Belmont | Clinton | +9 othersRichland
47%
Delaware | Erie | Holmes | +2 othersBerlin
46%
FairfieldHocking
46%
SummitBoston
45%
Licking | Marion | WoodBowling Green
45%
LorainElyria
45%
TrumbullGreene
45%
CrawfordHolmes
45%
Athens | Carroll | MonroeLee
45%
JacksonLick
45%
Licking | MuskingumLicking
45%
Belmont | MahoningSmith
45%
UnionTaylor
45%
Darke | Hancock | Putnam | ShelbyVan Buren
45%
VintonVinton
45%
GreeneXenia
45%
FultonFulton
44%
Coshocton | MedinaLafayette
44%
Adams | Butler | Clinton | +22 othersLiberty
43%
PauldingPaulding
43%
Auglaize | Champaign | Columbiana | +11 othersSalem
43%
LawrenceUpper
43%
LickingNewark
42%
Licking | Miami | Muskingum | +2 othersNewton
42%
Ashland | Carroll | Cuyahoga | +4 othersOrange
42%
ClermontPierce
42%
MuskingumRich Hill
42%
LoganZane
42%
Auglaize | Gallia | Highland | +6 othersClay
41%
SummitCuyahoga Falls
41%
CuyahogaEuclid
41%
TuscarawasMill
41%
Auglaize | Defiance | NobleNoble
41%
Ashland | Athens | Delaware | +4 othersTroy
41%
CuyahogaLakewood
40%
Meigs | WarrenLebanon
40%
BrownLewis
40%
PickawayPickaway
40%
SciotoPortsmouth
40%
Ashtabula | Athens | LawrenceRome
40%
Monroe | Noble | SenecaSeneca
40%
MonroeSummit
40%
AshtabulaTrumbull
40%
Coshocton | StarkTuscarawas
40%
MuskingumZanesville
40%
GuernseyCambridge
39%
Carroll | Columbiana | Guernsey | +6 othersCenter
39%
Greene | MontgomeryKettering
39%
Ashtabula | HuronRichmond
39%
Clinton | Geauga | Meigs | +2 othersChester
38%
HancockFindlay
38%
ButlerMiddletown
38%
JeffersonSteubenville
38%
Allen | PauldingAuglaize
37%
Mahoning | Noble | PikeBeaver
37%
Coshocton | Cuyahoga | MeigsBedford
37%
LucasHarding
37%
WayneWooster
37%
CuyahogaCleveland Heights
36%
Champaign | Delaware | Fayette | +4 othersConcord
36%
Athens | Fulton | Tuscarawas | UnionDover
36%
DarkeGreenville
36%
Adams | MorganManchester
36%
StarkMassillon
36%
LucasMaumee
36%
LakeMentor
36%
TuscarawasNew Philadelphia
36%
LorainOberlin
36%
WoodPerrysburg
36%
CuyahogaShaker Heights
36%
CuyahogaWestlake
36%
GuernseyWills
36%
LorainAvon
35%
Brown | Gallia | Lorain | RossHuntington
35%
WashingtonMarietta
35%
KnoxMiller
35%
HuronNorwalk
35%
LucasOregon
35%
Highland | MorganPenn
35%
ClintonWilson
35%
StarkAlliance
34%
SanduskyFremont
34%
SummitHudson
34%
Portage | Stark | UnionParis
34%
Adams | Defiance | SenecaTiffin
34%
Adams | Brown | Marion | SanduskyScott
33%
HamiltonAnderson
32%
MedinaBrunswick
32%
Cuyahoga | WashingtonIndependence
32%
LickingJersey
32%
MiamiPiqua
32%
WyandotPitt
32%
LucasSylvania
32%
Darke | Preble | RossTwin
32%
AshlandVermillion
32%
Hocking | Monroe | Ottawa | +2 othersBenton
31%
NobleBuffalo
31%
Jackson | PerryCoal
31%
CuyahogaEast Cleveland
31%
Licking | TrumbullHartford
31%
StarkLexington
31%
HighlandMarshall
31%
Ashland | Jackson | Mahoning | +2 othersMilton
31%
KnoxMorris
31%
CuyahogaParma Heights
31%
OttawaPort Clinton
31%
Delaware | SciotoPorter
31%
PortageRavenna
31%
Franklin | Medina | Noble | RichlandSharon
31%
CuyahogaStrongsville
31%
FranklinUpper Arlington
31%
FayetteWashington Court House
31%
LorainAvon Lake
30%
Fairfield | Morgan | Scioto | +2 othersBloom
30%
LorainCamden
30%
Butler | Clermont | Defiance | +2 othersMilford
30%
OttawaPut-in-Bay
30%
PortageRandolph
30%
Butler | DelawareTrenton
30%
WoodWebster
30%
HamiltonWyoming
30%
HancockArlington
29%
OttawaBay
29%
GreeneBeavercreek
29%
LickingBurlington
29%
Licking | Seneca | WyandotEden
29%
Henry | Portage | WoodFreedom
29%
CuyahogaGarfield Heights
29%
Auglaize | Clark | Fulton | +2 othersGerman
29%
Franklin | Stark | Wayne | WoodPlain
29%
Ashtabula | RichlandPlymouth
29%
Hamilton | PerryReading
29%
SenecaReed
29%
HuronSherman
29%
SummitTwinsburg
29%
FranklinWesterville
29%
ClintonWilmington
29%
Ashtabula | Lawrence | MorganWindsor
29%
Clark | Miami | MonroeBethel
28%
Morgan | TrumbullBristol
28%
CrawfordBucyrus
28%
MarionGrand
28%
KnoxMount Vernon
28%
Cuyahoga | MontgomeryOakwood
28%
CuyahogaRocky River
28%
Ashtabula | LorainSheffield
28%
CuyahogaSolon
28%
ChampaignUrbana
28%
Clinton | Crawford | Scioto | TrumbullVernon
28%
Coshocton | StarkBethlehem
27%
CuyahogaBrooklyn
27%
MahoningCampbell
27%
HamiltonDelhi
27%
FayetteJasper
27%
WashingtonNewport
27%
WilliamsPulaski
27%
ClermontWilliamsburg
27%
LakeWilloughby
27%
LorainAmherst
26%
LorainBrighton
26%
HardinBuck
26%
Hancock | Muskingum | RichlandCass
26%
Montgomery | PerryClayton
26%
CrawfordDallas
26%
AshtabulaGeneva
26%
Ashland | Butler | Columbiana | LickingHanover
26%
KnoxHoward
26%
Miami | MontgomeryHuber Heights
26%
DelawareKingston
26%
ErieMilan
26%
CuyahogaNorth Olmsted
26%
WilliamsNorthwest
26%
Franklin | HuronNorwich
26%
LucasProvidence
26%
LorainRochester
26%
Guernsey | SciotoValley
26%
JeffersonWells
26%
WilliamsBryan
25%
Lorain | PrebleEaton
25%
Noble | VintonElk
25%
Auglaize | Belmont | Champaign | +4 othersGoshen
25%
HamiltonNorwood
25%
Henry | Lucas | SummitRichfield
25%
Champaign | Scioto | TuscarawasRush
25%
PrebleSomers
25%
Allen | Guernsey | Lucas | MedinaSpencer
25%
TrumbullVienna
25%
DarkeWabash
25%
ClermontBatavia
24%
CuyahogaBrecksville
24%
Lawrence | WashingtonDecatur
24%
Lawrence | MiamiElizabeth
24%
Fairfield | Gallia | HuronGreenfield
24%
Van Wert | WyandotRidge
24%
Butler | ColumbianaSt. Clair
24%
Belmont | GuernseyWheeling
24%
PortageAurora
23%
Allen | Greene | SummitBath
23%
CuyahogaBeachwood
23%
HamiltonBlue Ash
23%
Noble | TrumbullBrookfield
23%
CuyahogaBrook Park
23%
CuyahogaChagrin Falls
23%
Morgan | Portage | Ross | WarrenDeerfield
23%
LakeEastlake
23%
HuronNew Haven
23%
SummitNorthfield
23%
MontgomeryRiverside
23%
Medina | MorrowWestfield
23%
PortageWindham
23%
GreeneBellbrook
22%
AshtabulaConneaut
22%
CuyahogaCuyahoga Heights
22%
ColumbianaEast Liverpool
22%
Erie | WilliamsFlorence
22%
DelawareGenoa
22%
StarkLouisville
22%
HenryNapoleon
22%
MahoningPoland
22%
AdamsWinchester
22%
AshtabulaAndover
21%
Crawford | Geauga | TuscarawasAuburn
21%
CuyahogaBay Village
21%
PortageCharlestown
21%
PickawayCircleville
21%
Ashland | WarrenClear Creek
21%
FairfieldClearcreek
21%
HuronGreenwich
21%
LucasJerusalem
21%
LorainLaGrange
21%
Columbiana | MedinaLiverpool
21%
TrumbullLordstown
21%
HuronNew London
21%
SciotoNile
21%
LorainNorth Ridgeville
21%
CuyahogaOlmsted
21%
LakePainesville
21%
LorainPittsfield
21%
Brown | Clark | Fairfield | +12 othersPleasant
21%
Franklin | HolmesPrairie
21%
GeaugaRussell
21%
MeigsRutland
21%
AllenShawnee
21%
JeffersonSmithfield
21%
BelmontSomerset
21%
Harrison | NobleStock
21%
AshlandSullivan
21%
Delaware | Geauga | SenecaThompson
21%
SenecaVenice
21%
WoodWeston
21%
LorainCarlisle
20%
GalliaCheshire
20%
MedinaLitchfield
20%
CoshoctonNewcastle
20%
HamiltonNewtown
20%
JeffersonSaline
20%
LorainSheffield Lake
20%
CuyahogaSouth Euclid
20%
SummitStow
20%
CrawfordTexas
20%
TuscarawasWarwick
20%
LucasWaterville
20%
MahoningAustintown
19%
Erie | Huron | SanduskyBellevue
19%
DelawareBerkshire
19%
FranklinBexley
19%
MahoningBoardman
19%
Athens | Madison | Medina | +2 othersCanaan
19%
OttawaDanbury
19%
AshtabulaDenmark
19%
LorainGrafton
19%
CuyahogaMayfield
19%
Ashland | Franklin | Pike | +2 othersMifflin
19%
JeffersonMount Pleasant
19%
LucasOttawa Hills
19%
Holmes | HuronRipley
19%
CuyahogaUniversity Heights
19%
CoshoctonVirginia
19%
WashingtonWaterford
19%
WashingtonWatertown
19%
FranklinWhitehall
19%
AthensAlexander
18%
CuyahogaBedford Heights
18%
Jackson | Logan | TrumbullBloomfield
18%
FultonChesterfield
18%
PortageEdinburg
18%
HamiltonFairfax
18%
CuyahogaFairview Park
18%
KnoxHilliar
18%
LakeMentor-on-the-Lake
18%
WilliamsMontpelier
18%
CuyahogaNorth Royalton
18%
Summit | WayneNorton
18%
Huron | MorrowPeru
18%
WilliamsSt. Joseph
18%
PortageStreetsboro
18%
VintonSwan
18%
MontgomeryTrotwood
18%
MontgomeryUnion City
18%
MedinaWadsworth
18%
LakeWickliffe
18%
GalliaAddison
17%
CarrollAugusta
17%
SummitBarberton
17%
CuyahogaBerea
17%
CuyahogaBrooklyn Heights
17%
TuscarawasBucks
17%
Belmont | Hamilton | RossColerain
17%
Brown | Hancock | VintonEagle
17%
Hocking | MuskingumFalls
17%
TrumbullFarmington
17%
HamiltonGlendale
17%
WashingtonGrandview
17%
ErieGroton
17%
HardinHale
17%
HockingLaurel
17%
HuronLyme
17%
Hardin | TrumbullMcDonald
17%
MontgomeryMoraine
17%
PortageNelson
17%
HenryRidgeville
17%
MeigsSalisbury
17%
HamiltonSpringdale
17%
BrownSterling
17%
AuglaizeSt. Marys
17%
Allen | Putnam | Stark | +2 othersSugar Creek
17%
GreeneSugarcreek
17%
HamiltonThe Village of Indian Hill
17%
MontgomeryVandalia
17%
ButlerWest Chester
17%
RichlandWorthington
17%
HamiltonArlington Heights
16%
Licking | MorrowBennington
16%
MahoningCanfield
16%
HamiltonCheviot
16%
Madison | Pickaway | UnionDarby
16%
PutnamGreensburg
16%
Athens | MedinaLodi
16%
SummitMacedonia
16%
Delaware | StarkMarlboro
16%
Columbiana | WoodMiddleton
16%
HarrisonNottingham
16%
Meigs | NobleOlive
16%
LickingPataskala
16%
DarkePatterson
16%
SanduskyRice
16%
Putnam | SanduskyRiley
16%
HamiltonSharonville
16%
LickingSt. Albans
16%
WilliamsSuperior
16%
ErieVermilion
16%
AthensAmes
15%
GeaugaChardon
15%
TrumbullCortland
15%
MahoningEllsworth
15%
GalliaGallipolis
15%
MercerGibson
15%
TrumbullJohnston
15%
CoshoctonKeene
15%
Clermont | Hamilton | WarrenLoveland
15%
CuyahogaPepper Pike
15%
CarrollRose
15%
FultonRoyalton
15%
AthensBern
14%
CuyahogaBroadview Heights
14%
GreeneCedarville
14%
MedinaChatham
14%
PrebleDixon
14%
HardinDudley
14%
Seneca | WoodFostoria
14%
FranklinGrandview Heights
14%
HuronHartland
14%
Putnam | Van WertJennings
14%
UnionLeesburg
14%
CuyahogaMaple Heights
14%
CuyahogaMayfield Heights
14%
GeaugaMiddlefield
14%
PikePee Pee
14%
Portage | SummitTallmadge
14%
CrawfordTod
14%
ShelbyTurtle Creek
14%
WarrenTurtlecreek
14%
LorainWellington
14%
GeaugaBainbridge
13%
GeaugaBurton
13%
SummitCoventry
13%
DelawareDelaware City
13%
MontgomeryEnglewood
13%
Licking | MercerGranville
13%
Clark | MorrowHarmony
13%
WashingtonLudlow
13%
HardinLynn
13%
GeaugaNewbury
13%
WoodRossford
13%
CuyahogaSeven Hills
13%
CuyahogaWarrensville Heights
13%
MontgomeryWest Carrollton
13%
LakeWillowick
13%
SanduskyWoodville
13%
Allen | Fairfield | HancockAmanda
12%
WashingtonBelpre
12%
PortageBrimfield
12%
BrownByrd
12%
HarrisonCadiz
12%
OttawaCatawba Island
12%
WayneChippewa
12%
SanduskyClyde
12%
KnoxCollege
12%
SummitCopley
12%
HamiltonDeer Park
12%
LickingEtna
12%
SummitFairlawn
12%
CarrollFox
12%
HarrisonFreeport
12%
WoodGrand Rapids
12%
DelawareHarlem
12%
LickingHeath
12%
Medina | MorganHomer
12%
Licking | Mercer | Muskingum | +2 othersHopewell
12%
TrumbullHubbard
12%
PrebleIsrael
12%
UnionJerome
12%
ErieKelleys Island
12%
AshtabulaKingsville
12%
FairfieldLancaster City
12%
GuernseyLondonderry
12%
Champaign | ClarkMad River
12%
MorganMalta
12%
FranklinMarble Cliff
12%
LoganMcArthur
12%
ShelbyMcLean
12%
HolmesMechanic
12%
CuyahogaMiddleburg Heights
12%
KnoxMiddlebury
12%
Portage | SummitMogadore
12%
WoodNorthwood
12%
AdamsOliver
12%
PortagePalmyra
12%
HuronRidgefield
12%
Medina | WayneRittman
12%
Stark | TuscarawasSandy
12%
MahoningSebring
12%
TrumbullSouthington
12%
AdamsSprigg
12%
HamiltonSt. Bernard
12%
MahoningStruthers
12%
MeigsSutton
12%
LucasSwanton
12%
ClermontTate
12%
FranklinTruro
12%
CuyahogaValley View
12%
Fairfield | Gallia | PickawayWalnut
12%
HockingWard
12%
AthensWaterloo
12%
HighlandWhiteoak
12%
LakeWilloughby Hills
12%
HamiltonAmberley
11%
AllenAmerican
11%
PortageAtwater
11%
WashingtonBarlow
11%
FranklinBlendon
11%
AdamsBratton
11%
HenryDamascus
11%
PickawayDeercreek
11%
MadisonDeer Creek
11%
AshtabulaDorset
11%
HamiltonGolf Manor
11%
MedinaGranger
11%
MedinaGuilford
11%
WarrenHarlan
11%
LakeKirtland
11%
Carroll | SenecaLoudon
11%
PortageMantua
11%
HamiltonMariemont
11%
MedinaMedina City
11%
PickawayMuhlenberg
11%
MiamiNewberry
11%
HighlandNew Market
11%
CuyahogaOlmsted Falls
11%
EriePerkins
11%
WilliamsPioneer
11%
LickingReynoldsburg City
11%
Huron | SanduskyTownsend
11%
ColumbianaUnity
11%
FairfieldViolet
11%
ColumbianaWellsville
11%
HamiltonWoodlawn
11%
LawrenceAid
10%
AshtabulaAustinburg
10%
HenryBartlow
10%
SummitBoston Heights
10%
WilliamsBrady
10%
WilliamsBridgewater
10%
HighlandBrushcreek
10%
Adams | Jefferson | Muskingum | SciotoBrush Creek
10%
RossBuckskin
10%
TrumbullChampion
10%
DefianceFarmer
10%
HamiltonForest Park
10%
MorrowGalion
10%
PortageGarrettsville
10%
CuyahogaGates Mills
10%
MorrowGilead
10%
HighlandHamer
10%
LorainHenrietta
10%
CuyahogaHighland Heights
10%
CuyahogaHighland Hills
10%
MedinaHinckley
10%
PortageHiram
10%
AshtabulaLenox
10%
HamiltonMadeira
10%
TrumbullMecca
10%
Clark | HarrisonMoorefield
10%
HamiltonMount Healthy
10%
CuyahogaNewburgh Heights
10%
HamiltonNorth College Hill
10%
AshtabulaOrwell
10%
Fayette | Highland | Holmes | +3 othersPaint
10%
Putnam | WashingtonPalmer
10%
RossPaxton
10%
MarionProspect
10%
MadisonRange
10%
ButlerReily
10%
PikeSeal
10%
MadisonSomerford
10%
GreeneSpring Valley
10%
MiamiStaunton
10%
Logan | MadisonStokes
10%
PortageSuffield
10%
PikeSunfish
10%
Hamilton | WyandotSycamore
10%
Hamilton | LawrenceSymmes
10%
PerryThorn
10%
AthensTrimble
10%
HuronWakeman
10%
FultonAmboy
9%
DelawareAshley
9%
WayneBaughman
9%
MercerBlack Creek
9%
CuyahogaBratenahl
9%
PikeCamp Creek
9%
MorrowCardington
9%
AthensCarthage
9%
CrawfordCranberry
9%
HamiltonCrosby
9%
ShelbyCynthian
9%
HighlandDodson
9%
WayneEast Union
9%
HamiltonElmwood Place
9%
HenryFlatrock
9%
HamiltonGreenhills
9%
ButlerLemon
9%
HamiltonLincoln Heights
9%
CuyahogaLyndhurst
9%
DefianceMark
9%
UnionMillcreek
9%
Coshocton | WilliamsMill Creek
9%
GuernseyMillwood
9%
SciotoNew Boston
9%
AshtabulaNew Lyme
9%
AshtabulaNorth Kingsville
9%
CuyahogaNorth Randall
9%
MadisonOak Run
9%
PikePebble
9%
LorainPenfield
9%
SciotoRarden
9%
PortageRootstown
9%
SummitSagamore Hills
9%
Hocking | Holmes | Muskingum | WayneSalt Creek
9%
PickawaySaltcreek
9%
AshtabulaSaybrook
9%
GreeneSilvercreek
9%
SummitSilver Lake
9%
HamiltonSilverton
9%
MiamiSpringcreek
9%
ClermontStonelick
9%
MarionWaldo
9%
CuyahogaWalton Hills
9%
GuernseyWestland
9%
HamiltonWhitewater
9%
HuronWillard
9%
WyandotAntrim
8%
HarrisonArcher
8%
WashingtonAurelius
8%
SanduskyBallville
8%
CuyahogaBentleyville
8%
FairfieldBerne
8%
Hancock | Hardin | PutnamBlanchard
8%
RichlandBloominggrove
8%
PauldingBlue Creek
8%
MuskingumBlue Rock
8%
LoganBokescreek
8%
HuronBronson
8%
LorainBrownhelm
8%
CrawfordChatfield
8%
AshtabulaCherry Valley
8%
HuronClarksfield
8%
AshtabulaColebrook
8%
Morrow | WayneCongress
8%
Paulding | WyandotCrane
8%
CrawfordCrestline
8%
WashingtonDunham
8%
HamiltonEvendale
8%
HuronFitchville
8%
BelmontFlushing
8%
PrebleGasper
8%
CuyahogaGlenwillow
8%
HockingGood Hope
8%
FultonGorham
8%
PrebleGratis
8%
AshtabulaHarpersfield
8%
AshtabulaHartsgrove
8%
DefianceHicksville
8%
TrumbullHowland
8%
Cuyahoga | GeaugaHunting Valley
8%
HolmesKillbuck
8%
TrumbullKinsman
8%
LakeKirtland Hills
8%
PrebleLanier
8%
LakeLeroy
8%
MeigsLetart
8%
ShelbyLoramie
8%
MiamiLostcreek
8%
MonroeMalaga
8%
ErieMargaretta
8%
WarrenMassie
8%
LickingMcKean
8%
MorganMeigsville
8%
DarkeMississinawa
8%
LucasMonclova
8%
CuyahogaMoreland Hills
8%
SummitMunroe Falls
8%
DarkeNeave
8%
SummitNew Franklin
8%
GreeneNew Jasper
8%
DelawareRadnor
8%
SummitReminderville
8%
CuyahogaRichmond Heights
8%
HardinRoundhead
8%
Meigs | SenecaScipio
8%
PortageShalersville
8%
DelawareShawnee Hills
8%
HockingStarr
8%
MonroeSwitzerland
8%
HamiltonTerrace Park
8%
Marion | Van WertTully
8%
LakeWaite Hill
8%
TrumbullWeathersfield
8%
JacksonWellston
8%
CrawfordWhetstone
8%
VintonWilkesville
8%
TrumbullBazetta
7%
PerryBearfield
7%
MarionBig Island
7%
HancockBiglick
7%
SenecaBig Spring
7%
TrumbullBraceville
7%
MedinaBrunswick Hills
7%
GreeneCaesarscreek
7%
PauldingCarryall
7%
HardinCessna
7%
MedinaChippewa Lake
7%
UnionClaibourne
7%
Geauga | MarionClaridon
7%
MahoningCoitsville
7%
JeffersonCross Creek
7%
ShelbyDinsmore
7%
AuglaizeDuchouquet
7%
ColumbianaElkrun
7%
PauldingEmerald
7%
NobleEnoch
7%
LickingFallsbury
7%
WashingtonFearing
7%
TrumbullFowler
7%
KnoxFredericktown
7%
MarionGrand Prairie
7%
MarionGreen Camp
7%
SanduskyGreen Creek
7%
Sandusky | SenecaGreen Springs
7%
TrumbullGustavus
7%
GalliaGuyan
7%
GeaugaHambden
7%
LucasHarbor View
7%
HolmesHardy
7%
MedinaHarrisville
7%
Van WertHoaglin
7%
GeaugaHuntsburg
7%
JeffersonIsland Creek
7%
BelmontKirkwood
7%
LakeLakeline
7%
SummitLakemore
7%
PauldingLatty
7%
CuyahogaLinndale
7%
CoshoctonLinton
7%
HamiltonLockland
7%
MahoningLowellville
7%
CrawfordLykens
7%
WyandotMarseilles
7%
LickingMary Ann
7%
TrumbullMesopotamia
7%
AshlandMohican
7%
PerryMonday Creek
7%
PutnamMonterey
7%
Geauga | MedinaMontville
7%
AuglaizeMoulton
7%
GeaugaMunson
7%
MahoningNew Middletown
7%
LorainNew Russia
7%
StarkNimishillen
7%
MorrowNorth Bloomfield
7%
SummitNorthfield Center
7%
TrumbullOrangeville
7%
StarkOsnaburg
7%
GeaugaParkman
7%
BelmontPease
7%
AshtabulaPierpont
7%
BelmontPultney
7%
AuglaizePusheta
7%
GalliaRaccoon
7%
MercerRecovery
7%
AshlandRuggles
7%
HarrisonRumley
7%
FairfieldRush Creek
7%
LoganRushcreek
7%
PerrySalt Lick
7%
MarionSalt Rock
7%
HarrisonShort Creek
7%
MorrowSouth Bloomfield
7%
GeaugaSouth Russell
7%
PortageSugar Bush Knolls
7%
MonroeSunsbury
7%
FultonSwan Creek
7%
HardinTaylor Creek
7%
LakeTimberlake
7%
CoshoctonTiverton
7%
WyandotTymochtee
7%
HolmesWalnut Creek
7%
RichlandWeller
7%
WashingtonWesley
7%
MedinaWestfield Center
7%
CoshoctonWhite Eyes
7%
AshtabulaWilliamsfield
7%
Van WertWillshire
7%
CuyahogaWoodmere
7%
ColumbianaYellow Creek
7%
DelawareColumbus City
6%
CrawfordGalion City
6%
MedinaGloria Glens Park
6%
MedinaSeville Village
6%
DelawareSunbury Village
6%
DelawareWesterville City
6%
LucasRoche de Boeuf
5%

Score Distribution

Percentile by Number Answered

Percent of People with Each Score

Your Score History

You have not taken this quiz